Konvolúcie triedy sčítacích rozdelení
V článku sú uvedené vety, pomocou ktorých možno vyjadriť konvolúciu ľubovoľného počtu diskrétnych náhodných premenných ako rozdelenia z určitej triedy Rk. Momentová vytvárajúca funkcia a jej vlastnosti. Konvolúcie.
Salvato in:
| Autore principale: | |
|---|---|
| Natura: | Capitolo di libro |
| Lingua: | slovacco |
| Soggetti: | |
| Tags: |
Nessun Tag, puoi essere il primo ad aggiungerne!!
|
MARC
| LEADER | 00000nla$a2200000$$$4500 | ||
|---|---|---|---|
| 001 | 0048261 | ||
| 005 | 20221128094905.6 | ||
| 041 | 0 | |a slo | |
| 044 | |a SK | ||
| 245 | 1 | 0 | |a Konvolúcie triedy sčítacích rozdelení |c Dušan Huťka |
| 520 | |a V článku sú uvedené vety, pomocou ktorých možno vyjadriť konvolúciu ľubovoľného počtu diskrétnych náhodných premenných ako rozdelenia z určitej triedy Rk. Momentová vytvárajúca funkcia a jej vlastnosti. Konvolúcie. | ||
| 610 | 2 | 0 | |a pravdepodobnosť |
| 610 | 2 | 0 | |a vzorce |
| 610 | 2 | 0 | |a matematika |
| 610 | 2 | 0 | |a funkcie matematické |
| 610 | 2 | 0 | |a štatistika matematická |
| 100 | 1 | |a Huťka, Dušan | |